[Event "CRO-ch U11 Girls"]
[Site "Trogir"]
[Date "2023.06.21"]
[Round "2"]
[White "Osmanagic, Natalie"]
[Black "Mihajlovic, Helena"]
[Result "0-1"]
[WhiteElo "1119"]
[BlackElo "1701"]
[PlyCount "70"]
[EventDate "2023.06.21"]
[EventType "swiss"]
[EventRounds "9"]
[EventCountry "CRO"]
[SourceTitle "EXT 2024"]
[Source "ChessBase"]
[SourceDate "2023.10.10"]
[SourceVersion "1"]
[SourceVersionDate "2023.10.10"]
[SourceQuality "1"]

1. d4 d5 2. Nc3 Nf6 3. Bf4 Bd7 4. e3 e6 5. Bd3 Bd6 6. Bg3 Bxg3 7. hxg3 Nc6 8. Qe2 0-0 9. g4 Re8 10. f4 e5 11. g5 Bg4 12. Qf2 Ne4 13. Nxe4 dxe4 14. Bxe4 f5 15. Bf3 Bxf3 16. Nxf3 exd4 17. 0-0-0 Rxe3 18. Qd2 Re4 19. g3 a5 20. Qd3 Qd5 21. a3 b5 22. Qd2 b4 23. Qh2 bxa3 24. Qxh7+ Kf7 25. g6+ Kf6 26. Qh4+ Ke6 27. Ng5+ Kf6 28. Nxe4+ Ke6 29. Qh3 axb2+ 30. Kxb2 Rb8+ 31. Kc1 Nb4 32. Rhe1 Kd7 33. Nf2 Qc5 34. Re2 Na2+ 35. Kd2 Qc3# 0-1

[Event "CRO-ch U11 Girls"]
[Site "Trogir"]
[Date "2023.06.21"]
[Round "1"]
[White "Popovic, Masa"]
[Black "Osmanagic, Natalie"]
[Result "0-1"]
[WhiteElo "1632"]
[BlackElo "1119"]
[PlyCount "82"]
[EventDate "2023.06.21"]
[EventType "swiss"]
[EventRounds "9"]
[EventCountry "CRO"]
[SourceTitle "EXT 2024"]
[Source "ChessBase"]
[SourceDate "2023.10.10"]
[SourceVersion "1"]
[SourceVersionDate "2023.10.10"]
[SourceQuality "1"]

1. e4 c6 2. Nf3 d5 3. Nc3 Bg4 4. h3 Bh5 5. Be2 Nf6 6. 0-0 dxe4 7. Ng5 Bg6 8. d3 exd3 9. cxd3 h6 10. Nf3 e6 11. a3 Bd6 12. d4 Nbd7 13. Bd3 Bxd3 14. Qxd3 c5 15. dxc5 Nxc5 16. Qd1 Rc8 17. b4 Nb3 18. Qxb3 Qc7 19. Bd2 g5 20. Rac1 Qb8 21. Qa4+ Kf8 22. Be3 a6 23. Bd4 Be7 24. b5 axb5 25. Qxb5 Rg8 26. Bxf6 Bxf6 27. Ne4 Rg6 28. Rxc8+ Qxc8 29. Nd6 Qc7 30. Qe8+ Kg7 31. Nb5 Qc4 32. Nd6 Qc7 33. Rd1 g4 34. hxg4 Rxg4 35. Nb5 Qc2 36. Rd7 Qc1+ 37. Kh2 Be5+ 38. Nxe5 Qf4+ 39. Kh1 Rh4+ 40. Kg1 Qc1+ 41. Rd1 Qxd1# 0-1